| 000 | 00429nam a2200157 a 4500 | ||
|---|---|---|---|
| 005 | 20140412111230.0 | ||
| 008 | 110408s19uu xx 00 eng d | ||
| 020 | _a0-590-34225-4 | ||
| 050 |
_aTR(GS 510.76 _bM66 |
||
| 100 | _aSheffield, Jensen | ||
| 245 |
_aProblem solving in math / _cLinda J. Sheffield. |
||
| 260 |
_aUSA : _bScholastic, _c1982. |
||
| 300 | _a64p. | ||
| 440 | _aa scholastic skills book c | ||
| 999 |
_c102154 _d102154 |
||